| 000 | 00899nam a2200265 i 4500 | ||
|---|---|---|---|
| 001 | 188465 | ||
| 003 | ES-MaACL | ||
| 005 | 20231221113919.0 | ||
| 008 | 181120s2005 xxk |||| | eng d | ||
| 020 | _a978-1-861974-43-3 | ||
| 080 | _a008(415)"19" | ||
| 100 | 1 |
_aFerriter, Diarmaid ( _d1972-) _9165539 |
|
| 245 | 1 | 4 |
_aThe transformation of Ireland, 1900-2000 / _cDiarmaid Ferriter. |
| 260 |
_aLondon : _bProfile Books, _c2005. |
||
| 300 |
_aXI, 884 p. ; _c20 cm. |
||
| 500 | _aÍndice. | ||
| 504 | _aBibliografía: p. [818]-851. | ||
| 651 | 4 |
_aIrlanda- _xCivilización. _9165606 |
|
| 651 | 4 |
_aIrlanda- _zHistoria- _yS.XX. _98855 |
|
| 852 |
_aES-MaACL _jA-14270 _9 195595 _bR.151792 _cDEPO1 _dOlim: N-7270 _hDonacion: Embajada de Irlanda |
||
| 914 |
_9234032 _aEmbajada de Irlanda en España _ednr |
||
| 942 |
_2udc _cMONOGRAFIA |
||
| 999 |
_c188465 _d188465 |
||